Creative edge : (Record no. 3679)

000 -LEADER
fixed length control field nam a22 7a 4500
005 - DATE AND TIME OF LATEST TRANSACTION
control field 20170523151337.0
008 - FIXED-LENGTH DATA ELEMENTS--GENERAL INFORMATION
fixed length control field 170523b1997 ohu||||| |||| 00| 0 eng d
020 ## - INTERNATIONAL STANDARD BOOK NUMBER
International Standard Book Number 1581800649
040 ## - CATALOGING SOURCE
Original cataloging agency AKMAL
082 ## - DEWEY DECIMAL CLASSIFICATION NUMBER
Classification number 686.2252 HAL
090 ## - LOCALLY ASSIGNED LC-TYPE CALL NUMBER (OCLC); LOCAL CALL NUMBER (RLIN)
Classification number (OCLC) (R) ; Classification number, CALL (RLIN) (NR) 686.2252
Local cutter number (OCLC) ; Book number/undivided call number, CALL (RLIN) HAL
100 1# - MAIN ENTRY--PERSONAL NAME
Personal name Haller, Lynn,
Dates associated with a name 1965-
9 (RLIN) 7275
245 10 - TITLE STATEMENT
Title Creative edge :
Remainder of title Page design /
Statement of responsibility, etc. Lynn Haller
260 ## - PUBLICATION, DISTRIBUTION, ETC.
Place of publication, distribution, etc. Cincinnati, Ohio :
Name of publisher, distributor, etc. North Light Books,
Date of publication, distribution, etc. c1998.
300 ## - PHYSICAL DESCRIPTION
Extent 144 p. :
Other physical details col. ill. ;
Dimensions 29 cm
490 1# - SERIES STATEMENT
Series statement Creative edge
500 ## - GENERAL NOTE
General note Includes index.
650 #0 - SUBJECT ADDED ENTRY--TOPICAL TERM
Topical term or geographic name entry element Layout (Printing)
9 (RLIN) 7276
830 #0 - SERIES ADDED ENTRY--UNIFORM TITLE
Uniform title Creative edge series.
9 (RLIN) 7277
942 ## - ADDED ENTRY ELEMENTS (KOHA)
Source of classification or shelving scheme
Koha item type Book
Holdings
Withdrawn status Lost status Source of classification or shelving scheme Damaged status Not for loan Collection code Home library Current library Shelving location Date acquired Inventory number Total Checkouts Full call number Barcode Date last seen Price effective from Koha item type
          NON-FICTION AKMAL Melaka AKMAL Melaka PINJAMAN 23.05.2017 601939   686.2252 HAL 201704722 23.05.2017 23.05.2017 Book
Pusat Sumber Maklumat Dato' Haji Sarmin Md Hussin, Akademi Kastam Diraja Malaysia, Melaka
Tel: 06-2331106 | Faks: 06-2313787